=LDR 00000nam 2200000 4500 =001 INLIS000000000002068 =005 20130612090434 =008 ***********************************Ind** =035 ##$$0010-061300000002068 =041 ##$$a Ind =082 ##$$a 979.2 =090 ##$$a 977.2, May p =100 ##$$a May, Karl =245 ##$$a Dinamika bangsa astek, Dr.Karl May ; penerjemah, Suseno Setiawan =260 ##$$a 1986 $b jakarta =300 ##$$a ...jil, 21 cm =650 ##$$a Indian =650 ##$$a Kebudayaan =850 ##$$a NBPNMAT